Boston A-Z - Statistics

General Stats
  • This quiz has been taken 66 times
    37 since last reset
  • The average score is 18 of 25
Answer Stats
Hint Answer % Correct
Cambridge university Harvard
97%
Steven Tyler's band Aerosmith
91%
Boston's MLB team Red Sox
91%
Outdoor attraction: Franklin Park ___ Zoo
91%
Major newspaper: Boston _____ Globe
89%
Protest in which tea was thrown into the harbor: Boston Tea _____ Party
89%
Dog breed: Boston _____ Terrier
89%
Adams with a namesake beer Samuel
86%
First name of Boston actress Thurman Uma
86%
Will Hunting's actor Damon
83%
Adams, Hancock, Winthrop, etc. John
83%
Major airport Logan
83%
Infamous 1770 event: Boston _______ Massacre
83%
Oldest park: Boston ______ Common
77%
Trail connecting many historical sites Freedom
71%
Suburb that a fig bar is named for Newton
69%
USS Constitution's nickname: "Old _______" Ironsides
63%
State House, North Church, etc. Old
60%
Former NFL team, 1944–1948 Yanks
57%
Popular food market Quincy
54%
Slang for "very" Wicked
54%
Architecture style in the South End Victorian
46%
Puritan landmark: ____'s Chapel King
43%
Suburb where JFK was born Brookline
34%
River park: Charles River ________ Esplanade
31%
No matching quizzes found
Score Distribution
Percent of People with Each Score
Percentile by Number Answered
Your Score History
You have not taken this quiz since the last reset